| 000 | 00761nam a22002177a 4500 | ||
|---|---|---|---|
| 003 | DO-SdBNP | ||
| 005 | 20180124132008.0 | ||
| 008 | 151112b 2007 dr ||||| |||| 00| 0 spa d | ||
| 040 |
_aBPMSU _bspa _cBPMSU |
||
| 092 |
_axxxxx _bxxxxx |
||
| 100 | 1 | _aVeras Aybar, Ángel | |
| 245 | 1 | 0 |
_aEstado : _baparición, fusión y extinción / _cÁngel Veras Aybar ; prólogo Santiago Castro Ventura. |
| 260 |
_aSanto Domingo : _bVeras Aybar & Asociados, _c2007. |
||
| 300 |
_a267 p. : _bil. ; _g21 cm. |
||
| 500 | _aIncluye datos biográficos del autor en la solapa de la contracubierta. | ||
| 504 | _aBibliografía : p. 259-267 | ||
| 700 | 1 | 2 |
_aCastro Ventura, Santiago, _cpról. |
| 942 |
_2ddc _cBK |
||
| 945 | _aInventariado, 2018 /LP | ||
| 956 |
_aLOPEREZ _b10 |
||
| 999 |
_c8663 _d8663 |
||